000 00595nam a2200193 i 4500
001 33627
003 ES-MaACL
005 20230906154807.0
007 t|
008 030203s1948 gw ||||1| ger d
100 1 _aBirkhaeuser, H.
_928973
245 1 0 _aFortschritle der tuberkuloseforschung und-behamdlung /
_cherausgegeben von H. Birkhaeuser.
260 _aBasel, etc. :
_bS. Karger,
_c1948.
300 _a2 v. ;
_c26 cm.
490 1 _aBibliotheca tuberculosea ;
_v1, 2
830 0 _aBibliotheca tuberculosea ;
_v1, 2
_9229463
852 _aES-MaACL
_jD-7122-23
999 _c33627
_d33627